LEADER 01408nam a2200301 a 4500 001 000000133398 003 CaOOAMICUS 005 20130408110121.0 008 130408s2012 it u000 u ita r 040 $aPUL$bita 082 04$a264 100 1 $aPolloni, Susanna.$0(OLS)http://pul/name/85948 245 12$aI pił antichi codici liturgici della Biblioteca Capitolare di Verona (secc. V-XI) :$bcatalogo descrittivo /$cSusanna Polloni. 260 $aVerona :$bArchivio storico della Curia diocesana,$c2012. 300 $a709 p. ;$c26 cm. 490 1 $aStudi e documenti di storia e liturgia ;$v45 500 $aContiene indice. 504 $aBibliografia in nota. 650 4$aLiturgia$xFonti$zVerona.$0(OLS)http://pul/subject/39488 651 4$aVerona$xStoria ecclesiastica.$0(OLS)http://pul/subject/24648 830 0$aStudi e documenti di storia e liturgia ;$v45.$0(OLS)http://pul/title/91074 850 $aPUL 852 $aPUL$W1$xDP2 Religione 3$y114$m264 POLSU 1$j153310$qDDC 21$B152869$CPULBib$Z2$F152869 $H122072 $82 941 1 $a9 996 $6082$a264$9(OLS)http://pul/classification/492 996 $6245$aI pił antichi codici liturgici della Biblioteca Capitolare di Verona (secc. V-XI) :$bcatalogo descrittivo$9(OLS)http://pul/title/168573 996 $6260$aVerona :$bArchivio storico della Curia diocesana$9(OLS)http://pul/publisher/79634 LEADER 01236nam a2200313 a 4500 001 000000176977 003 CaOOAMICUS 005 20240624142127.0 008 240624s2023 it u000 u ita r 020 $z978-88-3305-446-9* 032 $aLibriCat 040 $aPUL$bita 082 1 $a320.5 100 1 $aAlfano, Giulio,$d1959-$0(OLS)http://pul/name/33137 245 10$aBreve manuale di scienza politica /$cGiulio Alfano. 260 $aChieti :$bSolfanelli,$c©2023. 300 $a135 p. ; $c21 cm 440 0$aMicromegas ;$v71 650 4$aDemocrazia$xStudi.$0(OLS)http://pul/subject/39580 830 0$aMicromegas (Solfanelli) ;$v71.$0(OLS)http://pul/title/218487 850 $aPUL 852 $aPUL$W1$xSL Diritto e Scienze Sociali 3$y79$m320. 5 ALFGI 2$j200977$qDDC 21$B205934$CPULBib$Z2$F205934 $H137184 $82 941 1 $a9 996 $6020$z978-88-3305-446-9*$9(OLS)http://pul/number/169843 996 $6082$a320.5$9(OLS)http://pul/classification/449 996 $6245$aBreve manuale di scienza politica$9(OLS)http://pul/title/218486 996 $6440$aMicromegas$9(OLS)http://pul/title/7409 996 $6260$aChieti :$bSolfanelli$9(OLS)http://pul/publisher/82962